000 01067nam a22003257b 4500
001 001984370
003 DO-SdBNP
005 20240903110221.0
007 001984370
008 041110s2004 sp | | ||spa
017 _a
_b
020 _a842635517X
035 _a
040 _aBPMSU
_bspa
_cBPMSU
_e
082 4 _a891.263
_bT398u 2004
_222
100 1 _aSchins, Marie-Thérèse
_d1943-
245 1 0 _aUn elefante casi nunca vive solo /
_cMarie-Thérèse Schins ; ilustrado por Leticia Ruifernández ; traducción, Cristina Rodríguez
_h
260 _aMadrid :
_bEdelvivesj,
_c2004
300 _a215 p. :
_bil.;
_c23 cm
490 0 _aCuadernos de viaje de Sandra,
_v002
590 _aInventariado, 2024/VM
650 4 _a Cuentos juveniles irlandeses.
650 4 _aCuentos de aventuras
650 4 _a
651 4 _aIndia
_xDescubrimientos y exploraciones
_ySiglo XIII
_v
_2
700 1 _aRodríguez, Cristina
_etraductor
700 1 _aRuifernández, Leticia
_eilustraciones
910 _aVMateo V. Control de calidad. BPMSU
942 _2ddc
_cBK
999 _c10170
_d10170